El significado de los lugares públicos para la gente de Bogotá (Registro nro. 58621)

Detalles MARC
000 -ENCABEZADO
Número de control [NR] 01144nam a2200265Ia 4500
008 - DE LONGITUD FIJA DE DATOS DE ELEMENTOS - INFORMACIÓN GENERAL
Elementos de longitud fija [NR] 130821s2007 ck aob gr spa
020 ## - NUMERO INTERNACIONAL NORMALIZADO PARA LIBROS [R]
Número Internacional Normalizado del libro [NR] 9789588316287
040 ## - FUENTE DE CATALOGACION [NR]
Agencia de catalogación original [NR] Co-BoUCM
Idioma de catalogación [NR] spa
041 00 - CODIGO DE IDIOMA [R]
Código de idioma para texto/pista de sonido o título separado [R] Español
100 1# - ASIENTO PRINCIPAL--NOMBRE PERSONAL [NR]
Nombre personal [NR] Páramo, Pablo
ID Autoridad 122383
245 03 - MENCION DE TITULO [NR]
Título [NR] El significado de los lugares públicos para la gente de Bogotá
Mención de responsabilidad, etc. [NR] Pablo Páramo ; dirigida por Roger Hart ; coordinación Luis Eduardo Vásquez Salamanca
260 ## - PUBLICACION, DISTRIBUCION, ETC. (PIE DE IMPRENTA) [R]
Lugar de publicación, distribución, etc. [R] Bogotá (Colombia)
Nombre del editor, distribuidor, etc. [R] Fondo Editorial Universidad Pedagógica Nacional
Fecha de publicación, distribución, etc. [R] 2007
300 ## - DESCRIPCION FISICA [R]
Extensión [R] 165 páginas
Otros detalles físicos [NR] ilustraciones, mapas, fotografías
490 #0 - MENCION DE SERIE [R]
Mención de serie [R] Colección tesis doctorales
Designación numérica/secuencial del volumen [NR] 3
504 ## - NOTA DE BIBLIOGRAFIA, ETC. [R]
Nota de bibliografía, etc. [NR]
650 04 - ASIENTO SECUNDARIO DE MATERIA - TERMINO TEMATICO [R]
Término temático o nombre geográfico como elemento de entrada [NR] Desarrollo urbano
Subdivisión geográfica [R] Bogotá (Colombia)
9 (RLIN) 29913
650 04 - ASIENTO SECUNDARIO DE MATERIA - TERMINO TEMATICO [R]
Término temático o nombre geográfico como elemento de entrada [NR] Espacio público
Subdivisión general [R] Historia
Subdivisión geográfica [R] Bogotá (Colombia)
9 (RLIN) 14885
650 04 - ASIENTO SECUNDARIO DE MATERIA - TERMINO TEMATICO [R]
Término temático o nombre geográfico como elemento de entrada [NR] Psicología ambiental
9 (RLIN) 22797
650 04 - ASIENTO SECUNDARIO DE MATERIA - TERMINO TEMATICO [R]
Término temático o nombre geográfico como elemento de entrada [NR] Urbanismo
9 (RLIN) 25989
700 1# - ASIENTO SECUNDARIO - NOMBRE PERSONAL [R]
Nombre personal [NR] Hart, Roger
Término de relación [R] director
9 (RLIN) 133661
700 1# - ASIENTO SECUNDARIO - NOMBRE PERSONAL [R]
Nombre personal [NR] Vásquez Salamanca, Luis Eduardo
Término de relación [R] coordinador
9 (RLIN) 164710
710 2# - ASIENTO SECUNDARIO - NOMBRE CORPORATIVO [R]
Nombre corporativo o de jurisdicción como elemento de entrada [NR] Universidad Pedagógica Nacional
9 (RLIN) 4747
942 ## - ELEMENTOS DE ENTRADA AGREGADOS (KOHA)
Tipo de ítem principal el descrito en 300a Libro
Tema principal Arte
Edición 1
Parte restante de la signatura top. P222s
Sistema de clasificación DEWEY
Clasificación 711.40986148
Existencias
Fecha de último préstamo Total préstamos Total Renewals Signatura topográfica Código de barras Última vez visto Ejemplar Price effective from Tipo de ítem Perdido Sistema de clasificación Dañado No prestable Tipo de ítem específico Suprimido Ubicación habitual Ubicación actual Localización Fecha de creación Forma de adquisición Costo
29/11/2017 23 13 711.40986148 P222s 100092848 06/12/2025 Ej.1 03/02/2013 Libro   DEWEY     Libro   Claustro Claustro 2do piso 30/09/2008 Donación 26000.00